La dinámica profunda de la vida económico-social: desde el alfa al omega
Uloženo v:
| Hlavní autor: | |
|---|---|
| Médium: | Kniha |
| Jazyk: | španělština |
| Vydáno: |
Bilbao
Mensajero
1966
|
| Edice: | Biblioteca Mensajero, 10
|
| Témata: | |
| Tagy: |
Přidat tag
Žádné tagy, Buďte první, kdo vytvoří štítek k tomuto záznamu!
|
MARC
| LEADER | 00000nam a2200000 a 4500 | ||
|---|---|---|---|
| 001 | UCL4134 | ||
| 003 | CL-VaPUC | ||
| 008 | 031231e19660000SP |||||||||||||||||spa|d | ||
| 082 | 0 | 4 | |a 262.1 |b URI |2 21 |
| 100 | 0 | |a Uriarte, Pedro |e author |9 481676 | |
| 245 | 1 | 3 | |a La dinámica profunda de la vida económico-social: desde el alfa al omega |
| 300 | |a 342 p | ||
| 942 | |c BK | ||
| 945 | |d 20031231 00:00:00 |a rbrito | ||
| 260 | |a Bilbao |b Mensajero |c 1966 | ||
| 650 | 0 | |a Teología social |9 326726 | |
| 650 | 0 | |a Moral social |9 310700 | |
| 650 | 0 | |a Doctrina social de la iglesia |9 257333 | |
| 650 | 0 | |a Trabajo |9 313876 | |
| 650 | 0 | |a Economía |9 255568 | |
| 650 | 0 | |a Empresas comerciales |9 334163 | |
| 650 | 0 | |a Sindicatos |9 255034 | |
| 583 | |a last modification |c 20031231 00:00:00 |k Rodrigo Vera | ||
| 490 | 0 | |a Biblioteca Mensajero, 10 | |
| 999 | |c 307077 |d 307075 | ||
| 952 | |0 0 |1 0 |4 0 |6 262_100000000000000_URI_1966 |7 0 |8 A |9 372562 |a BIBTEO |b BIBTEO |d 2019-11-21 |i 2086727 |o 262.1 URI 1966 |p 2086727 |r 2025-01-17 |w 2019-11-21 |y BK |k ICR | ||